000 00674nam a2200205Ia 4500
003 OSt
005 20220925204729.0
006 a|||||r|||| 00| 0
007 ta
008 220923b |||||||| |||| 00| 0 eng d
037 _cGeneral Book
040 _aRTL
_cRTL
_beng
041 _2eng
_aeng
082 _aY:5.236sN61, K1.5-7A-18
100 _aCensus of India, 1961
245 0 _aSelected crafts of Gujrat. Penknives, Nuterackers and scissors of Kutch and Jamanagar. Gujrat. V. 5, Part 7A No.18
260 _aGujrat
_bGovt. Press
_c1961
942 _hY:5.236sN61, K1.5-7A-18
_cGB
_2CC
999 _c550238
_d550238